Gasto Público dirigido a la niñez en la Argentina (Registro nro. 3938)

Detalles MARC
000 -LEADER
fixed length control field 01107 a2200229 4500
001 - CONTROL NUMBER
control field 45485
005 - DATE AND TIME OF LATEST TRANSACTION
control field 20260407155727.0
008 - FIXED-LENGTH DATA ELEMENTS--GENERAL INFORMATION
fixed length control field 260407a arg spa d
003 - CONTROL NUMBER IDENTIFIER
control field AR-UNSa-BCEJYS
040 ## - CATALOGING SOURCE
Original cataloging agency AR-UNSa-BCEJYS
Language of cataloging spa
Transcribing agency AR-UNSa-BCEJYS
080 ## - UNIVERSAL DECIMAL CLASSIFICATION NUMBER
Universal Decimal Classification number 336.5
Common auxiliary subdivision Gasto público. Gastos del estado
041 ## - LANGUAGE CODE
Language code of text/sound track or separate title spa
100 1# - MAIN ENTRY--PERSONAL NAME
Personal name UNICEF
245 10 - TITLE STATEMENT
Title Gasto Público dirigido a la niñez en la Argentina
264 #1 - PRODUCTION, PUBLICATION, DISTRIBUTION, MANUFACTURE, AND COPYRIGHT NOTICE
Place of production, publication, distribution, manufacture Buenos Aires :
Name of producer, publisher, distributor, manufacturer UNICEF
300 ## - PHYSICAL DESCRIPTION
Extent 49 p.
Dimensions 30 cm.
505 ## - FORMATTED CONTENTS NOTE
Formatted contents note 1. Introducción – 2. Aspectos metodológicos – 3. Gasto Público Consolidado dirigido a la Niñez, 2001-2002 – 4. Gasto público Nacional dirigido a la Niñez, 1995-2003 – 4.1. Gasto público Nacional dirigido a la Niñez en el año 2002 – 5. Gasto público Provincial dirigido a la Niñez en provincias seleccionadas, 2001-2002.
590 ## - LOCAL NOTE (RLIN)
Local note niveau_biblio:m niveau_hierar:0
700 1# - ADDED ENTRY--PERSONAL NAME
Personal name Argentina. Ministerio de Economía y Producción. Secretaría de Política Económica
856 41 - ELECTRONIC LOCATION AND ACCESS
Uniform Resource Identifier <a href="https://www.biblioeco.unsa.edu.ar/pmb/images/libros/L127117.jpg">https://www.biblioeco.unsa.edu.ar/pmb/images/libros/L127117.jpg</a>
Link text Imagen de portada
Electronic format type image/jpeg
942 ## - ADDED ENTRY ELEMENTS (KOHA)
Koha item type
Existencias
Withdrawn status Lost status Damaged status Not for loan Home library Current library Shelving location Date acquired Total checkouts Full call number Barcode Date last seen Price effective from Koha item type
        Biblioteca Prof. Eusebio Cleto del Rey Biblioteca Prof. Eusebio Cleto del Rey   07/04/2026   336.5 A688 L127117 07/04/2026 07/04/2026 Libro